Hyaluronan - biopolymer pro tkáňové inženýrství = Hyaluronan - biopolymer for tissue engineering : teze habilitační práce /

Hlavní autor: Velebný, Vladimír, 1949-
Korporativní autor: Vysoké učení technické v Brně. Ústav fyzikální a spotřební chemie
Jazyk: Čeština
Vydáno: Brno : VUTIUM, 2012
Edice: Vědecké spisy Vysokého učení technického v Brně. Habilitační a inaugurační spisy, sv. 412
Témata:
Fyzický popis: 29 s. : il. ; 24 cm
Language note: Anglické resumé
Knihy
Uloženo v:
LEADER 02267nam a2200529 a 4500
001 nkc20122348723
003 CZ PrNK
005 20120730082936.0
007 ta
008 120329s2012 xr a f m 000 0 cze
015 |a cnb002348723 
020 |a 978-80-214-4420-1  |q (brož.) 
035 |a (OCoLC)794208378 
040 |a ABA001  |b cze 
041 0 |a cze  |b eng 
072 7 |a 547  |x Organická chemie  |2 Konspekt  |9 10 
080 |a 547.458.2-126  |2 MRF 
080 |a 576.7.086.83  |2 MRF 
080 |a (043.5)  |2 MRF 
080 |a (048.3)  |2 MRF 
100 1 |a Velebný, Vladimír,  |d 1949-  |7 jo2012691878  |4 aut 
245 1 0 |a Hyaluronan - biopolymer pro tkáňové inženýrství =  |b Hyaluronan - biopolymer for tissue engineering : teze habilitační práce /  |c Vladimír Velebný 
246 3 1 |a Hyaluronan - biopolymer for tissue engineering 
260 |a Brno :  |b VUTIUM,  |c 2012 
300 |a 29 s. :  |b il. ;  |c 24 cm 
490 1 |a Vědecké spisy Vysokého učení technického v Brně. Habilitační a inaugurační spisy,  |x 1213-418X ;  |v sv. 412 
502 |a Teze habilitační práce--Vysoké učení technické v Brně, Fakulta chemická, Ústav fyzikální a spotřební chemie, 2012 
504 |a Obsahuje bibliografii 
546 |a Anglické resumé 
550 |a Vydavatel: Vysoké učení technické v Brně 
650 0 7 |a kyselina hyaluronová  |7 ph499481  |2 czenas 
650 0 7 |a tkáňové inženýrství  |7 ph351287  |2 czenas 
650 0 9 |a hyaluronic acid  |2 eczenas 
650 0 9 |a tissue engineering  |2 eczenas 
655 7 |a habilitační práce  |7 fd185153  |2 czenas 
655 7 |a teze  |7 fd133701  |2 czenas 
655 9 |a habilitation theses  |2 eczenas 
655 9 |a abstracts  |2 eczenas 
710 2 |a Vysoké učení technické v Brně.  |b Ústav fyzikální a spotřební chemie  |7 kn20030320005 
810 2 |a Vysoké učení technické v Brně.  |t Vědecké spisy.  |p Habilitační a inaugurační spisy  |0 s 
910 2 |a BOA001  |b 2-1289.645 
928 9 |a Vysoké učení technické v Brně 
990 |a BK 
995 |a 01 
991 |b 201207  |c NOV  |e n 
996 6 |b 2610516221  |c 2-1289.645  |l MZK  |r Sklad / do 1 hodiny  |n 7  |p p.v.  |w 001267004  |u 000010  |a 1  |e BOA001  |j MZK50  |s P 
996 7 |b 2610516222  |c 2-1289.645  |l MZK  |r Sklad / do 1 hodiny  |n 10  |p p.v.  |w 001267004  |u 000020  |a 1  |e BOA001  |j MZK50  |s A